The Vinaya Patrika: (Record no. 35325)

MARC details
000 -LEADER
fixed length control field 02168nam a22003251 4500
005 - DATE AND TIME OF LATEST TRANSACTION
control field 20100419112431.0
008 - FIXED-LENGTH DATA ELEMENTS--GENERAL INFORMATION
fixed length control field 781018s1928 nyucf 000 0 eng
010 ## - LCCN (DPL NO)
LC control number B-365370-376
020 ## - INTERNATIONAL STANDARD BOOK NUMBER
International Standard Book Number 8189537342
Terms of availability 895.00
020 ## - INTERNATIONAL STANDARD BOOK NUMBER
International Standard Book Number 9788189537340
Terms of availability 895.00
035 ## - SYSTEM CONTROL NUMBER
System control number B-365370-376
037 ## - SOURCE OF ACQUISITION
Source of stock number/acquisition PUB
040 ## - CATALOGING SOURCE
Original cataloging agency dpl
Language of cataloging English
082 ## - DEWEY DECIMAL CLASSIFICATION NUMBER
Classification number 821
100 ## - MAIN ENTRY--PERSONAL NAME
Personal name Thakur, Madhusudan
245 ## - TITLE STATEMENT
Title The Vinaya Patrika:
Statement of responsibility, etc by Murari Madhusudhan Thakur
Remainder of title an english rendering /
260 ## - PUBLICATION, DISTRIBUTION, ETC. (IMPRINT)
Place of publication, distribution, etc Delhi
Name of publisher, distributor, etc Yash Publications
Date of publication, distribution, etc 2009
270 ## - ADDRESS
Address X/909, Chand Mohalla, Gandhi Nagar,
City Delhi
Postal code 110031
300 ## - PHYSICAL DESCRIPTION
Extent 320p.
Dimensions 23cm(Hb)
650 ## - SUBJECT ADDED ENTRY--TOPICAL TERM
Topical term or geographic name as entry element Hindi poetry
General subdivision Translation into English
Chronological subdivision 16th century
942 ## - ADDED ENTRY ELEMENTS (KOHA)
Source of classification or shelving scheme Dewey Decimal Classification
Item type English Books
Call number suffix THA
Classification part 821
Holdings
Withdrawn status Lost status Source of classification or shelving scheme Damaged status Not for loan Collection code Home library Current library Date acquired Source of acquisition Cost, normal purchase price Total Checkouts Full call number Barcode Date last seen Copy number Cost, replacement price Koha item type
    Dewey Decimal Classification     Non-fiction Central Library Central Library 19/04/2010 Yash Publications/107/9/10/9.11.09/153/16.100.09/12.11.09 895.00 1 821 THA B-365370 24/07/2025 1 895.00 English Books
    Dewey Decimal Classification     Non-fiction Janak Puri Janak Puri 19/04/2010 Yash Publications/107/9/10/9.11.09/153/16.100.09/12.11.09 895.00 2 821 THA B-365372 11/06/2012 1 895.00 English Books
    Dewey Decimal Classification     Non-fiction Karol Bagh Karol Bagh 19/04/2010 Yash Publications/107/9/10/9.11.09/153/16.100.09/12.11.09 895.00   821 THA B-365375 19/04/2010 1 895.00 English Books
    Dewey Decimal Classification     Non-fiction Patel Nagar Patel Nagar 19/04/2010 Yash Publications/107/9/10/9.11.09/153/16.100.09/12.11.09 895.00   821 THA B-365371 19/04/2010 1 895.00 English Books
    Dewey Decimal Classification     Non-fiction Sarojini Nagar Sarojini Nagar 19/04/2010 Yash Publications/107/9/10/9.11.09/153/16.100.09/12.11.09 895.00   821 THA B-365373 19/04/2010 1 895.00 English Books
    Dewey Decimal Classification     Non-fiction Shahdara Branch Shahdara Branch 19/04/2010 Yash Publications/107/9/10/9.11.09/153/16.100.09/12.11.09 895.00   821 THA B-365376 19/04/2010 1 895.00 English Books
    Dewey Decimal Classification     Non-fiction Vinoba Puri Vinoba Puri 19/04/2010 Yash Publications/107/9/10/9.11.09/153/16.100.09/12.11.09 895.00 2 821 THA B-365374 25/07/2015 1 895.00 English Books

© Delhi Public Library
Hit Counter
free hit counter